Борджиите (Запис номер 92441)
[ съкратено ]
| 000 -Лидер | |
|---|---|
| Контролно поле с фиксирана дължина | 01730nam a2200373 c 4500 |
| 003 - Код на организацията, давaща контролен номер | |
| Контролно поле | BLK |
| 005 - Дата и час на последна редакция | |
| Контролно поле | 20230712152914.0 |
| 008 - Елементи от данни с фиксирана дължина | |
| fixed length control field | 180408b bul|||||r ||||||| ||bul|| |
| 010 ## - Наследен системен номер | |
| LC control number | KNG00097220000 |
| 020 ## - Международен стандартен номер на книга ISBN | |
| Международен стандартен номер на книга ISBN | 954-8804-34-8 |
| -- | издат.: Абагар-МК'90 - (многотомно)(грешен) |
| 020 ## - Международен стандартен номер на книга ISBN | |
| Международен стандартен номер на книга ISBN | 954-8004-34-8 |
| -- | издат.: Абагар-МК'90 - (многотомно)(поправен) |
| 020 ## - Международен стандартен номер на книга ISBN | |
| Международен стандартен номер на книга ISBN | 954-8804-36-4 |
| -- | издат.: Абагар-МК'90 - на том(т. 2)(грешен) |
| 020 ## - Международен стандартен номер на книга ISBN | |
| Международен стандартен номер на книга ISBN | 954-8004-36-4 |
| -- | издат.: Абагар-МК'90 - на том(т. 2)(поправен) |
| 040 ## - Източник на каталожния запис | |
| Идентификатор на билиотеката - собственик на записа | BLK |
| 041 ## - Код за език | |
| Код за езика на текст/звукозапис или на отделно заглавие | Български |
| Код за езика КДБФ | Български |
| 080 ## - УДК | |
| Текстов определител УДК | Френска литература |
| УДК код - определител по УДК | 821.133.1 |
| УДК определител | -31 |
| УДК - код + определител | 821.133.1-31 |
| 100 1# - Редна дума - Автор | |
| Автор | Зевако, Мишел |
| Авторска отговорност | първи автор |
| R(LIN) | 69560 |
| 139 ## - Редно поле | |
| Редна дума | Зевако, Мишел |
| Авторски знак | Зе - З 51 |
| 245 10 - Сведения за заглавието | |
| Заглавие | Борджиите |
| Подзаглавни данни | Т. 1 - 2 |
| Редно поле (дума) | Мишел Зевако; прев. от фр. Севдалина Банова. |
| Том | Т. 2 |
| Заглавие на том | Лукреция Борджия |
| 257 ## - Страна на издаване | |
| Страна на създаване/издаване | Франция |
| 260 ## - Област на издателските данни | |
| -- | София |
| Година на издаване | 1992 - |
| Печатница | В. Търново : Абагар |
| 300 ## - Физическа характеристика | |
| Размери/Мащаб | 20 см |
| 380 ## - Жанр | |
| Жанр | Худож. лит. |
| 500 ## - Общи забележки | |
| Забележка | Ориг. загл. Borgia / Michel Zevako. |
| 653 ## - Ключова дума – ненормативна | |
| Ключова дума | романи |
| 700 1# - Други автори (авторска отговорност) | |
| Лично име | Банова, Севдалина |
| Автороска отговорност (Описва отношението между автора и произведението) | прев. от фр. |
| 9 (RLIN) | 304898 |
| 760 1# - Описание на основната серия | |
| -- | - (многотомно)(грешен) |
| Редна дума на основното описание | Зевако, Мишел |
| Място на издаване, издател и година | Абагар-МК'90, 1992 |
| Страници - том | 223 с. |
| Забележка - том | 15 000 тир. |
| Заглавие | Т. 2 Лукреция Борджия |
| 852 ## - Местоположение | |
| Форматна сигнатура | Цб 167801 |
| 856 4# - Електронен адрес и достъп | |
| Електронен формат | pdf - файл |
| Път до файла /url/ | |
| 856 4# - Електронен адрес и достъп | |
| Електронен формат | pdf - файл |
| Път до файла /url/ | |
| 942 ## - АРТИКУЛИ | |
| Вид на библиотечния материал | Книги |
| Скрит в OPAC | Не |
| Koha issues (borrowed), all copies | 2 |
| 944 ## - СЪЗДАВАНЕ И РЕДАКЦИЯ на ЗАПИСА | |
| Създаване/Редакция | Създаване |
| Дата на регистрацията/редакция | 07.10.2010 |
| Статус, дата на статуса | Минев Младен |
| Служител, извършил регистрацията/редакцията | 30530 |
| 944 ## - СЪЗДАВАНЕ И РЕДАКЦИЯ на ЗАПИСА | |
| Създаване/Редакция | Редакция |
| Дата на регистрацията/редакция | 22.07.2016 |
| Статус, дата на статуса | ф / |
| Служител, извършил регистрацията/редакцията | Пенка_Димитрова |
| 999 ## - СИСТЕМНИ КОНТРОЛНИ НОМЕРА | |
| Koha biblionumber | 92441 |
| Koha biblioitemnumber | 92441 |
| Код за отписване | Код за изгубен артикул | Код за повреда | Коз за рестрикции | Код за отдаване | Артикулен № | Име на библиотеката - собственик | Име на библиотеката, в която се намира в момента | Статус (Текущо местоположение) | Дата на вписване в системата | Местоположение - отдел | Цена в лева | Инвентарен номер | Систематично азбучна сигнатура | Баркод | Номер на екземпляра | Цена в евро | Служебна бележка | Служебен тип на артикула | Източник на класификационната схема |
|---|---|---|---|---|---|---|---|---|---|---|---|---|---|---|---|---|---|---|---|
| Не е изгубен | Не е повреден | без рестрикции | заемане за дома | 148888 | Регионална библиотека "Любен Каравелов" Русе | Регионална библиотека "Любен Каравелов" Русе | Заемна - подръчен фонд | 2010-10-06 | Заемна - подръчен фонд | 3.00 | 120000746385 | П 840-31/З 51 | 120000746385 | 1 | 1.53 | Дост: DA Вид: А N: 21 Дата: 06.10.2010 Дата инв: 12.02.2018 Бележки инв: П2018 | Книги | ||
| Не е изгубен | Не е повреден | без рестрикции | ползва се в читалня | 148889 | Регионална библиотека "Любен Каравелов" Русе | Регионална библиотека "Любен Каравелов" Русе | Хранилище | 1992-01-01 | Хранилище | 0.00 | 570033 | Цб 167801 | 120000570033 | 2 | 0.00 | Дост: Dp Вид: Д N: стар фонд Дата: 01.01.1992 | Книги | Universal Decimal Classification | |
| Изтеглен | Не е изгубен | Не е повреден | без рестрикции | заемане за дома | 148890 | Регионална библиотека "Любен Каравелов" Русе | Регионална библиотека "Любен Каравелов" Русе | Заемна - подръчен фонд | 2016-07-22 | Заемна - подръчен фонд | 12.00 | 120000802474 | 840/З 51 | 120000802474 | 3 | 6.14 | Дост: DA Вид: А N: 30 Дата: 22.07.2016 Дата инв: 12.02.2018 Бележки инв: П2018 | Книги | Universal Decimal Classification |